00326nam a2200133Ia 450000500170000000800410001702000170005808200170007510000160009224500170010826000330012530000130015865000210017120240624034026.0240331s9999 xx 000 0 und d a8177200526  bYOUa894.811 aYoung,R.J.C 0aPincaalaniam aputhanathambadaiyalamc2007 a203 p ., apost colonialism